Načítá se...

National family health survey (MCH and family planning): Gujarat 1993 summary report

Podrobná bibliografie
Médium: Printed Book
Vydáno: Bombay, International Institute for Population Sciences 1995
Edice:8 pt 2
Témata:
LEADER 006380000a22001690004500
082 |a 304.660 954 N4.8-2 
245 |a National family health survey (MCH and family planning): Gujarat 1993 summary report 
260 |a Bombay, International Institute for Population Sciences 
260 |c 1995 
490 |a 8 pt 2 
500 |a International Institute for Population Sciences Bombay  |e IN 
650 |a Birth control 
650 |a Family health 
650 |a Hygiene 
942 |c BK 
999 |c 14759  |d 14759 
952 |0 0  |1 0  |4 0  |6 304_660000000000000_954_N4_82  |7 0  |8 REF  |9 14561  |a MGUL  |b MGUL  |d 2013-07-16  |l 0  |o 304.660 954 N4.8-2  |p 23392  |r 2013-07-16  |w 2013-07-16  |y REF